00722nam a2200229Ia 4500003000900000008004100009040001300050040001300063041000800076100002100084245007000105250001100175260002100186260000900207300001100216300001000227490002400237490000700261942000700268999001700275952020000292IT-RoPAU120407s9999 xx 000 0 und d aIT-RoPAU cIT-RoPAU aita aGiuseppe Ferraro aRavviva il dono. Catechesi liturgica sul sacerdozio ministeriale. aMilano aEdizioni Paoline c1986 a153 p. c21 cm aIncontro col Cristo v16 cBK c26167d26167 00102ddc406265_400000000000000_2171aPAULUSbPAULUSd2012-04-11l0o265.4.21r2012-04-11 00:00:00w2012-04-11yBKzInserito da: Jole In data: 22 luglio 2011 fondo: Via A.Severo 56 Progr:30720